| 000 | 00470cam a2200181ua 4500 | ||
|---|---|---|---|
| 020 | _a0 9616456 0 1 | ||
| 041 |
_aeng _h |
||
| 082 |
_a551.498 _bDRI/GR |
||
| 100 | _aDriscoll, Fletcher G . | ||
| 245 |
_aGround water and wells / _cFletcher G Driscoll. _hTextual Documents |
||
| 250 |
_a2 / _b. |
||
| 260 |
_aNinnesta : _bJohnson division st. Paul , _c1987. |
||
| 300 | _a1089 ; . | ||
| 500 | _a**Reference | ||
| 504 | _a | ||
| 942 | _cBK | ||
| 999 |
_c10086 _d10086 |
||